000 01417nam a22003611i 4500
005 20200811161638.0
008 200811s2018 ii a j 000 1 tam d
020 _a9789353092344
_cRM 12.60
_qpaperback
040 _aPPAK
_beng
_cPPAK
_erda
041 _atam
_heng
082 0 4 _223
_a823
090 0 0 _a823
_bSIP
_dK
100 1 0 _6880-01
_aSippy, Maegan Dobson
_eauthor.
240 1 0 _aFarida Plans a Feast
_lEnglish,
_lTamil.
245 1 0 _6880-02
_aFaridhaavin Virundhu /
_cWritten by Maegan Dobson Sippy ; Illustrations by Jayesh Sivan; In Tamil by Thilagavathi
246 _iTranslation of :
_aFarida Plans a Feast
250 _aFirst Tamil Edition
264 1 _aBengaluru, India :
_bPRATHAM BOOK ,
_c©2018
300 _a16 pages :
_bcolor illustration ;
_c22 x 27 cm.
336 _2rdacontent
_atext
_astill image
337 _2rdamedia
_aunmediated
338 _2rdacarrier
_avolume
546 _aIn Tamil.
650 1 0 _aChildren's stories, Tamil.
655 0 _aTamil picture book.
700 1 0 _6880-03
_aSivan, Jayesh
_eillustrator.
700 1 0 _6880-04
_aThilagavathi
_etranslator.
880 1 _6100-01
_a சிப்பி, மேகன் டாப்சன்
_eauthor.
880 1 _6245-02
_aஃபரிதாவின் விருந்து
880 1 _6700-03
_aசிவன், ஜெயேஷ்
_eillustrator.
880 1 _6700-04
_aதிலகவதி
_etranslator.
942 _2ddc
_cB
999 _c178596
_d178595